Catalogue de la Bibliothèque de l'ENSA

Annuaire statistique de l'Algérie (notice nᵒ 24446)

détails MARC
000 -LEADER
fixed length control field 00680nam a2200193zi 4500
005 - DATE AND TIME OF LATEST TRANSACTION
control field 20171016061346.0
020 ## - ISBN
ISBN 978-9961-792-54-4
037 ## - SOURCE D'ACQUISITION
Cote BC_1413 77
Forme de support Autres
040 ## - SOURCE DU CATALOGAGE
Origine cataloguage BC-ENSA
Langue du catalogage fre
041 ## - CODE DE LANGUE
Langue Français-Anglais
110 ## - AUTEUR MORAL
Nom de collectivité Office national des statistiques
245 ## - MENTION DU TITRE
Titre Annuaire statistique de l'Algérie
Complément de titre résultats 2005-2007
246 ## - VARIANTE DU TITRE
Titre parallèle Statistical yearbook of Algeria
260 ## - PUBLICATION, DIFFUSION, ETC. (ADRESSE BIBLIOGRAPHIQUE)
Lieu d'édition Alger
Nom de l'éditeur ONS
Année d'édition 2009
300 ## - DESCRIPTION MATÉRIELLE
Nombre de pages 451 p.
Illustration tabl.
Format 30 cm
562 ## - NOTE D'IDENTIFICATION DES EXEMPLAIRES ET VERSIONS
Numbre d' exemplaire 01 exemplaire
942 ## - ADDED ENTRY ELEMENTS (KOHA)
Type document Ouvrage
653 ## - DESCRIPTEUR LIBRE
Mots clés libres DONNEE STATISTIQUE/ALGERIE/DEMOGRAPHIE/CLIMATOLOGIE/HABITAT/EMPLOI/EDUCATION/SPORT/SECURITE SOCIALE/AGRICULTURE/FORET/PECHES/INDUSTRIE/ENERGIE/TOURISME/ENVIRONNEMENT
Exemplaires
statut de retrait Statut emplacement permanent Localisation actuelle Cote code à barre Koha type d'élément
    Bibliothèque Centrale Bibliothèque Centrale BC_1413 77 BC_1413 77 Ouvrage

Adresse: Ecole Nationale Supérieure Agronomique Hassen Badi - El Harrach Alger, Algérie

Tél +213 (0) 23 82 85 07+213 (0) 23 82 85 12 Fax +213 23 82 85 03/04 Courriel: bibliotheque@edu.ensa.dz